Text-Welt-Gedanken-Welt

Text vo svojom formálnom tvare otvára svet textu v širšom zmysle slova, v ktorom predstavujú formy verbalizácie vstupnú bránu do neviditeľného sveta myšlienok. Pokus o analýzu niektorých aspektov tohto sveta prostredníctvom korpusom podopretej textovej analýzy, s prihliadnutím na teoretický prístup...

Full description

Saved in:
Bibliographic Details
Main Author: Gašová, Zuzana, 1977-
Format: Book Chapter
Language:German
Subjects:
Tags: Add Tag
No Tags, Be the first to tag this record!

MARC

LEADER 00000naa$a2200000$$$4500
001 0249340
005 20240502083710.4
041 0 |a ger 
044 |a DE 
245 1 0 |a Text-Welt-Gedanken-Welt  |c Zuzana Gašová 
520 |a Text vo svojom formálnom tvare otvára svet textu v širšom zmysle slova, v ktorom predstavujú formy verbalizácie vstupnú bránu do neviditeľného sveta myšlienok. Pokus o analýzu niektorých aspektov tohto sveta prostredníctvom korpusom podopretej textovej analýzy, s prihliadnutím na teoretický prístup kognitívnej lingvistiky a pragmasyntaxu. 
610 2 0 |a jazykoveda 
610 2 0 |a jazyky cudzie 
610 2 0 |a nemčina 
610 2 0 |a sémantika 
100 1 |a Gašová, Zuzana, 1977-